| 000 | 00604nam a2200193 a 4500 | ||
|---|---|---|---|
| 003 | PILC | ||
| 005 | 20150112093446.0 | ||
| 008 | 100722s19uu xx 00 eng d | ||
| 020 | _a0785265759 | ||
| 050 |
_aBF 637 _b.M465 2002 |
||
| 082 |
_aPSF 158 _bM45 2002 |
||
| 100 |
_aMaxwell, John _923245 |
||
| 245 |
_aYour roadmap for success : _bYou can get there from here Workbook / _cJohn C. Maxwell |
||
| 260 |
_aNashville, Tennessee : _bThomas Nelson, Inc, _c2002. |
||
| 300 |
_a248 pages : _c24 cm. |
||
| 650 | _aSuccess - Psychological aspects | ||
| 650 |
_aSelf improvement _923246 |
||
| 942 |
_2lcc _cBK |
||
| 999 |
_c14894 _d14894 |
||